Plán činnosti Hornozemplínskej knižnice vo Vranove nad Topľou na rok ...

Bibliographic Details
Corporate Author: Hornozemplínska knižnica (Vranov nad Topľou, Slovensko)
Format: Serial
Language:Slovak
PhysicalDescription:zv. tab. 30 cm
Published: Vranov nad Topľou Hornozemplínska knižnica
Subjects:

MARC

LEADER 00000cas a2200000 a 4500
001 vtls008844729
003 SK-MaSNL
005 20260228161354.0
008 201215u20uu20uuxo uu| 0 b0slo
040 |a SNK  |b slo  |c SNK  |e AACR2 
041 0 |a slo 
043 |a e-xo--- 
044 |a xo  |c SK 
072 7 |a 026/027  |x Knižnice  |2 konspekt 
072 7 |a 021  |x Funkcie, význam a využívanie knižníc  |2 konspekt 
080 |a 026/027  |2 2011 
080 |a (437.6)  |2 2011 
080 |a (036)  |2 2011 
080 |a 021  |2 2011 
110 2 |a Hornozemplínska knižnica (Vranov nad Topľou, Slovensko)  |9 33807 
245 1 0 |a Plán činnosti Hornozemplínskej knižnice vo Vranove nad Topľou na rok ... 
260 |a Vranov nad Topľou  |b Hornozemplínska knižnica 
300 |a zv.  |b tab.  |c 30 cm 
310 |a Periodicita nie je známa 
500 |a Súčasťou názvu je označenie kalendárneho roku 
500 |a Názov z obalu 
500 |a Popis podľa: R. 2004 
650 0 7 |a knižnice  |2 SNKPH  |9 17965 
650 0 7 |a Libraries  |2 SNKPHeng  |9 266251 
650 0 7 |a Activities of libraries  |2 SNKPHeng  |9 266189 
650 0 7 |a činnosť knižníc  |2 SNKPH  |9 66620 
651 7 |a Vranov (Vranov nad Topľou, Slovensko)  |2 SNKPHgeo  |9 186587 
651 7 |a Vranov (Vranov nad Topľou, Slovakia)  |2 SNKPHeng  |9 266253 
655 7 |a informačné publikácie  |2 SNKPH  |9 70181 
655 7 |a Information publications  |2 SNKPHeng  |9 265188 
910 |a snk 
999 |c 5147  |d 7077 
952 |0 0  |1 0  |4 0  |7 0  |8 0  |a SNK  |b SNK  |d 2006-09-06  |i snk2006/17438  |l 0  |o snkČSB 5487/2004  |p 17A0502656  |r 2026-02-21 20:18:16  |w 2026-02-21  |y PREZ